The American record : Images of the nation’s past

Using primary and secondary source material and numerous photographs and illustrations, The American Record presents history through a broad perspective. Blending the traditional approach to American history (centered on politics, economics, diplomacy, and war) with the modern approach (including hi...

全面介紹

Đã lưu trong:
書目詳細資料
格式: 圖書
語言:Undetermined
出版: Boston McGraw-Hill 2006
主題:
標簽: 添加標簽
沒有標簽, 成為第一個標記此記錄!
Thư viện lưu trữ: Trung tâm Học liệu Trường Đại học Cần Thơ
LEADER 01169nam a2200205Ia 4500
001 CTU_186972
008 210402s9999 xx 000 0 und d
082 |a 973 
082 |b A512/Vol.2 
245 4 |a The American record : 
245 0 |b Images of the nation’s past 
245 0 |c Edited by William Graebner, Leonard Richards 
260 |a Boston 
260 |b McGraw-Hill 
260 |c 2006 
520 |a Using primary and secondary source material and numerous photographs and illustrations, The American Record presents history through a broad perspective. Blending the traditional approach to American history (centered on politics, economics, diplomacy, and war) with the modern approach (including histories of women and children, people of color, and the poor and economically marginal), it offers a version of our national past that is inclusive, complex, and dynamic. Volume 1 covers the span from the European conquest of America through Reconstruction; Volume 2 covers Reconstruction to the present. 
650 |a United States,Hoa Kỳ 
650 |x History,Lịch sử 
910 |a Hải 
980 |a Trung tâm Học liệu Trường Đại học Cần Thơ